| Tag |
First Indicator |
Second Indicator |
Subfields |
| LEADER |
00000cas a22000001 4500 |
| 001 |
in00000053248 |
| 005 |
20151007070150.0 |
| 008 |
750121c18849999kyuar s0uuua1eng c |
| 012 |
|
|
|a u
|b 3
|c -
|d 7
|e -
|f -
|g p
|h -
|i ----
|
| 035 |
|
|
|a (OCoLC)01800298
|
| 035 |
|
|
|9 AAE3468AM
|
| 040 |
|
|
|a U.S. Geol. Survey. Libr.
|c DLC
|d TXA
|d UtOrBLW
|
| 042 |
|
|
|a lc
|
| 043 |
|
|
|a n-us-ky
|
| 049 |
|
|
|a TXAE
|
| 050 |
0 |
0 |
|a TN805.K3
|b A2
|
| 082 |
0 |
|
|a 338.2
|
| 110 |
1 |
|
|a Kentucky.
|b Department of Mines and Minerals.
|
| 245 |
1 |
0 |
|a Report.
|
| 264 |
|
1 |
|a Lexington [etc.] :
|b The Dept.
|
| 300 |
|
|
|a volumes :
|b illustrations ;
|c 23-27 cm.
|a annual.
|
| 336 |
|
|
|a text
|b txt
|2 rdacontent
|
| 337 |
|
|
|a unmediated
|b n
|2 rdamedia
|
| 338 |
|
|
|a volume
|b nc
|2 rdacarrier
|
| 362 |
0 |
|
|a 1884-
|
| 500 |
|
|
|a Title varies slightly.
|
| 515 |
|
|
|a Report year for 1884-1891/2 ends Oct. 10; for 1892/93-Dec. 31.
|
| 515 |
|
|
|a Reports for 1884-94 called 1st-11th.
|
| 515 |
|
|
|a Reports for 1884-1884/5, 1901/02, 1903/04 and 1905/06 are combined issues.
|
| 520 |
|
|
|a Includes a Tentative annual report for 1949 in addition to the regular report.
|
| 550 |
|
|
|a Issued 1884-1933 by the Dept. of Mines (called in 1884-1913, Inspector of Mines; in 19 -29 State Dept. of Mines)
|
| 650 |
|
0 |
|a Coal mines and mining
|z Kentucky.
|
| 650 |
|
0 |
|a Natural gas
|z Kentucky.
|
| 999 |
|
|
|a MARS
|
| 999 |
f |
f |
|s 0dcef11d-529e-3c95-959b-1daafc9f09f1
|i ea840239-df5a-3bb2-b598-ae78aa6124ec
|t 0
|
| 952 |
f |
f |
|p normal
|a Texas A&M University
|b College Station
|c Sterling C. Evans Library
|d Evans: Library Stacks
|t 0
|e TN805.K3 A2
|h Library of Congress classification
|i unmediated -- volume
|k 81st
|l 1960
|m A14842031511
|
| 952 |
f |
f |
|p normal
|a Texas A&M University
|b College Station
|c Sterling C. Evans Library
|d Evans: Library Stacks
|t 0
|e TN805.K3 A2
|h Library of Congress classification
|i unmediated -- volume
|k 71st
|l 1950:Dec.31
|m A14842031545
|
| 952 |
f |
f |
|p normal
|a Texas A&M University
|b College Station
|c Sterling C. Evans Library
|d Evans: Library Stacks
|t 0
|e TN805.K3 A2
|h Library of Congress classification
|i unmediated -- volume
|k 69th
|l 1947
|m A14842031339
|
| 952 |
f |
f |
|p normal
|a Texas A&M University
|b College Station
|c Sterling C. Evans Library
|d Evans: Library Stacks
|t 0
|e TN805.K3 A2
|h Library of Congress classification
|i unmediated -- volume
|k 62nd
|l 1941
|m A14842369325
|
| 952 |
f |
f |
|p normal
|a Texas A&M University
|b College Station
|c Sterling C. Evans Library
|d Evans: Library Stacks
|t 0
|e TN805.K3 A2
|h Library of Congress classification
|i unmediated -- volume
|k 77th-80th
|l 1956-1959
|m A14842031529
|
| 952 |
f |
f |
|p normal
|a Texas A&M University
|b College Station
|c Sterling C. Evans Library
|d Evans: Library Stacks
|t 0
|e TN805.K3 A2
|h Library of Congress classification
|i unmediated -- volume
|k 1903/1904
|m A14842031347
|
| 952 |
f |
f |
|p normal
|a Texas A&M University
|b College Station
|c Sterling C. Evans Library
|d Evans: Library Stacks
|t 0
|e TN805.K3 A2
|h Library of Congress classification
|i unmediated -- volume
|k 1901/1902
|m A14842031354
|
| 952 |
f |
f |
|p normal
|a Texas A&M University
|b College Station
|c Sterling C. Evans Library
|d Evans: Library Stacks
|t 0
|e TN805.K3 A2
|h Library of Congress classification
|i unmediated -- volume
|k 72nd-76th
|l 1951-1955
|m A14842031537
|
| 952 |
f |
f |
|p normal
|a Texas A&M University
|b College Station
|c Sterling C. Evans Library
|d Evans: Library Stacks
|t 0
|e TN805.K3 A2
|h Library of Congress classification
|i unmediated -- volume
|k 70th
|l 1949
|m A14842031552
|
| 998 |
f |
f |
|a TN805.K3 A2
|s 1901-1904,1941,1947,1949-1960
|t 0
|l Evans: Library Stacks
|